| 000 | 00861pam a2200253 a 4500 | ||
|---|---|---|---|
| 001 | 2051432 | ||
| 005 | 20240206051617.0 | ||
| 008 | 930802s1993 ii b 001 0 eng | ||
| 020 | _a0803991347 (US : hbk) | ||
| 020 | _a0803991355 (US : pbk) | ||
| 020 | _a8170363624 (India : hbk) | ||
| 020 | _a8170363632 (India : pbk) | ||
| 040 |
_aDLC _cDLC _dDLC |
||
| 082 | 0 | 0 |
_a306.23 _220 _bTEL. |
| 100 | 1 | _aMitra, Ananda, | |
| 245 | 1 | 0 |
_aTelevision and popular culture in India : _ba study of the Mahabharat / _cAnanda Mitra. |
| 260 |
_aNew Delhi ; _aThousand Oaks, Calif. : _bSage Publications, _c1993. |
||
| 300 | _a196 p. ; | ||
| 650 | 0 | _aTelevision broadcasting | |
| 650 | 0 | _aTelevision serials | |
| 856 | 4 | 2 | _uhttp://www.loc.gov/catdir/enhancements/fy0657/93027379-d.html |
| 856 | 4 | 1 | _uhttp://www.loc.gov/catdir/enhancements/fy0657/93027379-t.html |
| 942 | _cL | ||
| 999 |
_c310 _d310 |
||